Quality in retailing and quality of retailing

Uložené v:
Podrobná bibliografia
Hlavný autor: Strhan, Rastislav, 1968-
Médium: Kapitola
Jazyk:English
Tagy: Pridať tag
Žiadne tagy, Buďte prvý, kto otaguje tento záznam!

MARC

LEADER 00000naa$a2200000$$$4500
001 0136073
005 20240502072525.6
041 0 |a eng 
044 |a SK 
245 1 0 |a Quality in retailing and quality of retailing  |c Rastislav Strhan 
100 1 |a Strhan, Rastislav, 1968-